[Event "Rheinland Pfalz op 4th"]
[Site "Altenkirchen"]
[Date "2012.06.08"]
[Round "4"]
[White "Braum, Hermann Josef"]
[Black "Zittro, Carl"]
[Result "0-1"]
[WhiteElo "1367"]
[BlackElo "1806"]
[PlyCount "72"]
[EventDate "2012.06.07"]
[EventType "swiss"]
[EventRounds "7"]
[EventCountry "GER"]
[SourceTitle "CBM 148 Extra"]
[Source "ChessBase"]
[SourceDate "2012.06.22"]
[SourceVersion "1"]
[SourceVersionDate "2012.06.22"]
[SourceQuality "1"]

1. d4 e6 2. c4 Nf6 3. Nf3 c5 4. d5 exd5 5. cxd5 d6 6. Nc3 Bf5 7. Qa4+ Nbd7 8. Qf4 Bg6 9. e4 Be7 10. Be2 0-0 11. h4 Nh5 12. Qe3 f5 13. exf5 Bxf5 14. Ng5 Ndf6 15. Bxh5 Nxh5 16. Ne6 Bxe6 17. Qxe6+ Kh8 18. Ne4 Re8 19. Qg4 Nf6 20. Nxf6 Bxf6+ 21. Kf1 Qa5 22. Qd1 Qb5+ 23. Kg1 b6 24. a4 Qb4 25. Bd2 Qxb2 26. Rb1 Qa2 27. Be3 Re5 28. Qb3 Qxb3 29. Rxb3 Rxd5 30. Kh2 Bxh4 31. Rhb1 Rh5 32. g4 Rd5 33. a5 Bd8 34. f3 Rc8 35. axb6 Bxb6 36. Bxc5 Rdxc5 0-1

[Event "SVR-ch MAT-I 33rd"]
[Site "Mendig"]
[Date "2010.04.01"]
[Round "7"]
[White "Zittro, Carl"]
[Black "Barzen, Pascal"]
[Result "0-1"]
[WhiteElo "1512"]
[BlackElo "1868"]
[PlyCount "60"]
[EventDate "2010.03.26"]
[EventType "tourn"]
[EventRounds "9"]
[EventCountry "GER"]
[SourceTitle "EXT 2011"]
[Source "ChessBase"]
[SourceDate "2010.11.26"]
[SourceVersion "1"]
[SourceVersionDate "2010.11.26"]
[SourceQuality "1"]

1. d4 Nf6 2. Nc3 d5 3. Bg5 e6 4. Nf3 Be7 5. Bxf6 Bxf6 6. e3 0-0 7. Bd3 c5 8. Ne5 Nc6 9. Nxc6 bxc6 10. Be2 cxd4 11. exd4 Qb6 12. 0-0 Qxd4 13. Qc1 Rb8 14. Nd1 e5 15. c3 Qb6 16. Re1 Be6 17. Kh1 c5 18. g4 d4 19. g5 Bd5+ 20. Kg1 Be7 21. c4 Ba8 22. b3 e4 23. Qf4 Bd6 24. Qf5 Rfe8 25. h4 Bb7 26. Qh3 Qb4 27. Nb2 d3 28. Bh5 Be5 29. Reb1 Qd2 30. Qd7 g6 0-1

[Event "Koblenz-ch"]
[Site "Koblenz"]
[Date "2002.12.12"]
[Round "7"]
[White "Klebs, Sebastian"]
[Black "Zittro, Carl"]
[Result "0-1"]
[WhiteElo "1696"]
[BlackElo "1554"]
[PlyCount "66"]
[EventDate "2002.10.17"]
[EventType "swiss"]
[EventRounds "7"]
[EventCountry "GER"]
[SourceTitle "EXT 2005"]
[Source "ChessBase"]
[SourceDate "2004.11.15"]
[SourceVersion "1"]
[SourceVersionDate "2004.11.15"]
[SourceQuality "1"]

1. e4 c6 2. d4 d5 3. e5 e6 4. Be3 Qb6 5. Qc1 c5 6. c3 f6 7. Nf3 fxe5 8. Nxe5 Nd7 9. Be2 Nxe5 10. dxe5 Qc7 11. Bf4 Bd7 12. 0-0 Ne7 13. Nd2 Nc6 14. Nf3 Be7 15. Qe3 h6 16. Rfd1 g5 17. Bg3 g4 18. Ne1 h5 19. Nc2 h4 20. Bf4 Rg8 21. b3 b6 22. a3 Na5 23. Rab1 Nc6 24. b4 h3 25. Qg3 0-0-0 26. Ba6+ Kb8 27. Rxd5 Nxb4 28. cxb4 cxb4 29. Nxb4 Bxb4 30. Rxb4 Qc2 31. Rdd4 Bc6 32. Rxd8+ Rxd8 33. Bf1 Rd1 0-1

[Event "Koblenz-ch"]
[Site "Koblenz"]
[Date "2001.10.09"]
[Round "3"]
[White "Zittro, Carl"]
[Black "Klebs, Sebastian"]
[Result "1-0"]
[WhiteElo "1535"]
[BlackElo "1705"]
[PlyCount "75"]
[EventDate "2001.09.04"]
[EventType "swiss"]
[EventRounds "7"]
[EventCountry "GER"]
[SourceTitle "EXT 2005"]
[Source "ChessBase"]
[SourceDate "2004.11.15"]
[SourceVersion "1"]
[SourceVersionDate "2004.11.15"]
[SourceQuality "1"]

1. e4 e5 2. Nf3 Nc6 3. d4 exd4 4. Nxd4 Qh4 5. Nc3 Bb4 6. Qd3 Nf6 7. Bd2 Ng4 8. g3 Qf6 9. Nf3 Nce5 10. Nxe5 Qxf2+ 11. Kd1 Nxe5 12. Qd5 Qf3+ 13. Ne2 Bd6 14. Rg1 Ng4 15. Bg2 Ne3+ 16. Bxe3 Qxe3 17. Rf1 0-0 18. Rf3 Qc5 19. Qd3 Be5 20. Kd2 d6 21. Raf1 b6 22. Qb3 Be6 23. Qa4 Bxb2 24. c3 Qa3 25. Qc2 Bxa2 26. Nd4 c5 27. Nb5 Bb3 28. Nxa3 Bxc2 29. Nxc2 Rad8 30. Rb1 Bxc3+ 31. Rxc3 Rfe8 32. Na3 Re7 33. Rd3 Re6 34. Nb5 a6 35. Nc7 Rf6 36. Ke3 Rd7 37. Rxb6 g6 38. Rb8+ 1-0

[Event "Koblenz-ch"]
[Site "Koblenz"]
[Date "2001.09.04"]
[Round "1"]
[White "Zittro, Carl"]
[Black "Stuerken, Eibe"]
[Result "0-1"]
[WhiteElo "1535"]
[BlackElo "1758"]
[PlyCount "60"]
[EventDate "2001.09.04"]
[EventType "swiss"]
[EventRounds "7"]
[EventCountry "GER"]
[SourceTitle "EXT 2005"]
[Source "ChessBase"]
[SourceDate "2004.11.15"]
[SourceVersion "1"]
[SourceVersionDate "2004.11.15"]
[SourceQuality "1"]

1. e4 e5 2. Nf3 Nc6 3. Bb5 Bc5 4. Nc3 Nf6 5. 0-0 d6 6. Bxc6+ bxc6 7. h3 a5 8. d3 h6 9. Kh1 0-0 10. Na4 Ba7 11. Bd2 Nh7 12. Qe1 f5 13. Bxa5 f4 14. b3 Bb6 15. Bd2 Be6 16. Nc3 Ng5 17. Qe2 Nxf3 18. Qxf3 Bd4 19. a4 Qh4 20. Kg1 g5 21. Ne2 g4 22. hxg4 Bxg4 23. Nxd4 exd4 24. Qxf4 Rxf4 25. Bxf4 Be6 26. Bg3 Qg4 27. Rae1 Kh7 28. e5 d5 29. Bh2 Rg8 30. g3 Qf3 0-1